00924 a2200217 45000010006000000050017000060080041000230030015000640400040000790800066001192450064001850200022002492640034002713000024003055050189003290410008005181000029005267000028005557000024005838560099006074928420260407155756.0260407a2019 arg spa dAR-UNSa-BCEJYS aAR-UNSa-BCEJYSbspacAR-UNSa-BCEJYS a336.226xTipos de impuestos. Impuestos directos e indirectos 10aImpuesto sobre los bienes personalespexplicado y comentado a978-987-01-2304-0 1aBuenos Aires :bErreparc2019 aviii, 67 p.c27 cm. a1. Imposición sobre el patrimonio - 2. Hecho imponible - 3. Exenciones - 4. Valuación de bienes - 5. Régimen de responsabilidad sustituta - 6. Liquidación y pago del impuesto.  aspa1 aCeldeiro, Ernesto Carlos1 aImirizaldu, Juan José1 aRofrano, Guido Omar41uhttps://www.biblioeco.unsa.edu.ar/pmb/images/libros/L127928.jpgyImagen de portadaqimage/jpeg